Úplné znenie vyhlášky o spôsobe vedenia evidencie tržieb elektronickou registračnou pokladnicou

Úplné znenie vyhlášky o spôsobe vedenia evidencie tržieb elektronickou registračnou pokladnicou MF SR č. 55/1994 Z.z. v znení vyhlášky MF č. 59/1995 Z.z., vyhlášky MF SR č. 353/1996 Z.z. a vyhlášky č. 735/2004 Z.z. Vyhláška nadobudla účinnosť 1. 1. 2005 s výnimkami.

Saved in:
Bibliographic Details
Format: Book Chapter
Language:Slovak
Subjects:
Tags: Add Tag
No Tags, Be the first to tag this record!

MARC

LEADER 00000naa$a2200000$$$4500
001 0027399
005 20231114083229.6
041 0 |a slo 
044 |a SK 
245 1 0 |a Úplné znenie vyhlášky o spôsobe vedenia evidencie tržieb elektronickou registračnou pokladnicou 
520 |a Úplné znenie vyhlášky o spôsobe vedenia evidencie tržieb elektronickou registračnou pokladnicou MF SR č. 55/1994 Z.z. v znení vyhlášky MF č. 59/1995 Z.z., vyhlášky MF SR č. 353/1996 Z.z. a vyhlášky č. 735/2004 Z.z. Vyhláška nadobudla účinnosť 1. 1. 2005 s výnimkami. 
610 2 0 |a pokladnice registračné 
610 2 0 |a evidencia 
610 2 0 |a tržby 
610 2 0 |a vedenie účtovníctva 
610 2 0 |a Slovensko 
610 2 0 |a vyhlášky 
610 2 0 |a 1994-2004